Statistiques concernant Les 20 joueurs les plus décisifs sur une saison en Serie A.

Cliquez ici pour prendre le quiz!

Statistiques générales

  • Ce quiz a été pris 65 fois
  • Le résultat moyen est 15 sur 20

Statistiques - réponses

G+AJoueursSaisonsClubs% Correct
45Ciro Immobile19/20Lazio
100%
38Ciro Immobile17/18Lazio
100%
36Cristiano Ronaldo19/20Juve
95%
32Cristiano Ronaldo20/21Juve
95%
35Francesco Totti06/07Roma
90%
31Victor Osimhen22/23Napoli
90%
34Romelu Lukaku20/21Inter
87%
38Gonzalo Higuain15/16Napoli
82%
37Dries Mertens16/17Napoli
75%
32Zlatan Ibrahimovic08/09Inter
75%
34Zlatan Ibrahimovic11/12Milan
75%
32Edinson Cavani12/13Napoli
72%
32Edinson Cavani10/11Napoli
72%
38Edin Dzeko16/17Roma
68%
33Andrea Belotti16/17Torino
60%
35Antonio Di Natale09/10Udinese
58%
35Antonio Di Natale10/11Udinese
58%
32Mauro Icardi16/17Inter
57%
33Fabio Quagliarella18/19Sampdoria
55%
37Luca Toni05/06Fiorentina
30%

Distribution des résultats

Percentile par nombre de réponses

% des personnes avec chaque résultat

Votre développement - résultats

Vous n’avez pas pris ce quiz